| 000 | 01138nam a2200265 i 4500 | ||
|---|---|---|---|
| 001 | 180919 | ||
| 003 | ES-MaACL | ||
| 005 | 20240615063032.0 | ||
| 008 | 120829s2012 sp a |||| |dspa d | ||
| 080 | _a75 Cisneros, Ricardo | ||
| 100 | 1 |
_aCisneros, Ricardo. _9151367 |
|
| 245 | 1 | 0 |
_aMultiverse, (Mundos paralelos) / _cRicardo Cisneros ; [proyecto curatorial, Monika Bravo]. |
| 260 |
_a[S.l. : _bs.n., _c2012] |
||
| 300 |
_a[44 p.] : _bil. col. ; _c20 cm. + _e1 disco compacto (CD-ROM) |
||
| 500 | _aCatálogo de la exposición organizada por la Sección de Artes Plásticas del Ateneo de Madrid, en la sala de exposiciones de Prado 19 del 30 de mayo al 21 de junio de 2012. | ||
| 600 | 1 | 4 |
_aCisneros, Ricardo- _vExposiciones. _9151368 |
| 610 | 2 | 4 |
_aAteneo de Madrid- _vExposiciones- _y2010-2019. _9144911 |
| 655 | 7 |
_2tgfbne _9193628 _aCatálogos de exposiciones |
|
| 700 | 1 |
_aBravo, Monika. _9151369 |
|
| 710 | 2 |
_aAteneo de Madrid. _bSección de Artes Plásticas. _91970 |
|
| 852 |
_aES-MaACL _j2318-F-2 _cDEPOF _9187799 |
||
| 852 |
_aES-MaACL _jROT 6/3/16 _9203496 _cROT |
||
| 942 | _2udc | ||
| 999 |
_c180919 _d180919 |
||